[Event "Dortmund Sparkassen op-B 47th"]
[Site "Dortmund"]
[Date "2019.07.19"]
[Round "7"]
[White "Maurer, Rainer1111"]
[Black "Sobeck, Oskar"]
[Result "1/2-1/2"]
[WhiteElo "1827"]
[BlackElo "1783"]
[PlyCount "63"]
[EventDate "2019.07.13"]
[EventType "swiss"]
[EventRounds "9"]
[EventCountry "GER"]
[SourceTitle "CBM 192 Extra"]
[Source "Chessbase"]
[SourceDate "2019.11.06"]
[SourceVersion "1"]
[SourceVersionDate "2019.11.06"]
[SourceQuality "1"]

1. d4 e6 2. Nf3 Nf6 3. g3 d5 4. Bg2 Be7 5. 0-0 0-0 6. c4 dxc4 7. Qa4 a6 8. Qxc4 b5 9. Qc2 Bb7 10. Nc3 Nc6 11. Rd1 Nb4 12. Qb1 Nbd5 13. Nxd5 Bxd5 14. Bg5 Be4 15. Qc1 Rc8 16. Ne5 Bxg2 17. Kxg2 Qd5+ 18. Nf3 Qe4 19. Qe3 Qxe3 20. Bxe3 Nd5 21. Bd2 c5 22. dxc5 Bxc5 23. Rac1 f6 24. e4 Nb6 25. Rxc5 Rxc5 26. Bb4 Rc2 27. Bxf8 Kxf8 28. Rd6 Nc4 29. Rxa6 Rxb2 30. Nd4 Ne3+ 31. Kf3 Nd1 32. Ne2 1/2-1/2

[Event "Dortmund Sparkassen op-B 47th"]
[Site "Dortmund"]
[Date "2019.07.18"]
[Round "6"]
[White "Sobeck, Oskar"]
[Black "Rebber, Christian"]
[Result "1-0"]
[WhiteElo "1783"]
[BlackElo "1849"]
[PlyCount "55"]
[EventDate "2019.07.13"]
[EventType "swiss"]
[EventRounds "9"]
[EventCountry "GER"]
[SourceTitle "CBM 192 Extra"]
[Source "Chessbase"]
[SourceDate "2019.11.06"]
[SourceVersion "1"]
[SourceVersionDate "2019.11.06"]
[SourceQuality "1"]

1. Nf3 Nf6 2. g3 b6 3. Bg2 Bb7 4. c4 c5 5. Nc3 e6 6. 0-0 Be7 7. d4 cxd4 8. Qxd4 0-0 9. e4 d6 10. Rd1 Nc6 11. Qd3 Ne5 12. Qe2 Qc8 13. b3 Rd8 14. Bb2 a6 15. Rac1 Qb8 16. Nd4 Ne8 17. f4 Nc6 18. Nf3 Nc7 19. Nd5 exd5 20. exd5 Bf8 21. dxc6 Bxc6 22. Ng5 Bxg2 23. Qh5 h6 24. Qxf7+ Kh8 25. Qh5 Kg8 26. Qf7+ Kh8 27. Kxg2 Re8 28. Rxd6 1-0

[Event "Dortmund Sparkassen op-B 47th"]
[Site "Dortmund"]
[Date "2019.07.14"]
[Round "2"]
[White "Sobeck, Oskar"]
[Black "Vortmeier, Jan"]
[Result "0-1"]
[WhiteElo "1783"]
[BlackElo "1441"]
[PlyCount "118"]
[EventDate "2019.07.13"]
[EventType "swiss"]
[EventRounds "9"]
[EventCountry "GER"]
[SourceTitle "CBM 192 Extra"]
[Source "Chessbase"]
[SourceDate "2019.11.06"]
[SourceVersion "1"]
[SourceVersionDate "2019.11.06"]
[SourceQuality "1"]

1. Nf3 Nf6 2. g3 g6 3. b3 Bg7 4. Bb2 0-0 5. Bg2 d5 6. d4 b6 7. 0-0 Bb7 8. Ne5 Nfd7 9. c4 e6 10. Qc2 f6 11. Nd3 c6 12. Nd2 Re8 13. Rac1 e5 14. cxd5 cxd5 15. Nb4 e4 16. Qc7 Qxc7 17. Rxc7 a5 18. a4 Ra7 19. Na2 Rc8 20. Rfc1 Rxc7 21. Rxc7 Bf8 22. Nb1 Bd6 23. Rc2 f5 24. Ba3 Bxa3 25. Nxa3 Na6 26. Nb5 Ra8 27. Nd6 Rb8 28. Bf1 e3 29. fxe3 Kf8 30. Bg2 Nf6 31. b4 axb4 32. Rb2 Ke7 33. Nxb7 Rxb7 34. Nxb4 Nxb4 35. Rxb4 Kd6 36. Kf2 Kc6 37. h3 Ne4+ 38. Bxe4 dxe4 39. g4 Rf7 40. Kg3 h6 41. Rb5 fxg4 42. hxg4 Rf1 43. Re5 Kd6 44. Rxe4 Ra1 45. Rf4 Ke6 46. Kf3 g5 47. Rf5 Rxa4 48. Rb5 Ra6 49. Ke4 Kf6 50. Kd5 Ra5 51. Kc6 Rxb5 52. Kxb5 h5 53. gxh5 g4 54. d5 g3 55. h6 g2 56. h7 Kg7 57. d6 g1Q 58. Kxb6 Qxe3+ 59. Kc7 Qc5+ 0-1

[Event "Dortmund Sparkassen op-B 47th"]
[Site "Dortmund"]
[Date "2019.07.13"]
[Round "1"]
[White "Bochynek, Josua Peter"]
[Black "Sobeck, Oskar"]
[Result "0-1"]
[WhiteElo "1564"]
[BlackElo "1783"]
[PlyCount "52"]
[EventDate "2019.07.13"]
[EventType "swiss"]
[EventRounds "9"]
[EventCountry "GER"]
[SourceTitle "CBM 192 Extra"]
[Source "Chessbase"]
[SourceDate "2019.11.06"]
[SourceVersion "1"]
[SourceVersionDate "2019.11.06"]
[SourceQuality "1"]

1. e4 e6 2. d4 d5 3. Nc3 Nc6 4. Nf3 Nf6 5. exd5 exd5 6. Bd3 Bb4 7. Bg5 0-0 8. 0-0 Bxc3 9. bxc3 Bg4 10. h3 Bh5 11. Be2 Qd6 12. Nh4 Bxe2 13. Qxe2 Rfe8 14. Qf3 Ne4 15. Bf4 Qf6 16. Bg3 Qxf3 17. Nxf3 Nxg3 18. fxg3 Re3 19. Ng5 f6 20. Nf3 Rxc3 21. Rf2 Re8 22. Rb1 b6 23. Rd1 Ra3 24. Ra1 Nb4 25. Kh2 Ree3 26. Raf1 h6 0-1